| 000 | 00575cam a22002057a 4500 | ||
|---|---|---|---|
| 001 | 001157 | ||
| 003 | armpunfd | ||
| 005 | 20140612090631.0 | ||
| 008 | 020904e0####xx#a##########000#0#und#d | ||
| 040 |
_aarmpunfd _carmpunfd |
||
| 080 | _a342.4 G 934 | ||
| 100 | 1 | 0 | _a Guemureman, Silvia |
| 245 | 1 | 0 | _aLa niñez ajusticiada |
| 260 |
_a Uenos Aires : Editores Del Puerto _b2001. Isbn :987-9120-42-6. 323 P. |
||
| 650 | 7 |
_a Derechos Del NiÃO _2LEMB |
|
| 650 | 7 |
_a Minoridad _2LEMB |
|
| 700 | 1 | 0 | _aDaroqui, Alcira |
| 942 |
_cLB _2cdu |
||
| 945 |
_aCatalis _d2010-08-19 |
||
| 999 |
_c1148 _d231652 |
||